01933nam a22003374a 4500001001200000003000800012006001900020007001500039008004100054010001700095015001900112016001800131020002800149040002100177035002100198050002300219082001200242100003100254245011100285260006100396300002400457504006600481505066200547533015201209650001901361650002401380655002901404710001701433856012601450999001901576ebr10211085CaPaEBRm u cr cn|||||||||051223s2006 enka sb 001 0 eng  z 2005037629 aGBA6212472bnb7 z0133974932Uk z0754648338 (alk. paper) aCaPaEBRcCaPaEBR a(OCoLC)32032244314aJC337b.A34 2006eb04a3002221 aAdjibolosoo, Senyo B-S. K.10aDeveloping civil societyh[electronic resource] :bsocial order and the human factor /cSenyo Adjibolosoo. aAldershot, England ;aBurlington, VT :bAshgate,cc2006. axii, 227 p. :bill. aIncludes bibliographical references (p. [211]-221) and index.0 aIntroduction -- Social engineering : survival strategies and techniques since the dawn of human civilization : an overview -- The creation of ideas and application of knowledge to social engineering -- Developing civil society the orthodox way : democratization and constitutional rule -- Legal proliferation and its implications -- The impact of human factor decay on the effectiveness of social engineering programs -- The failure of social engineering : the empirical evidence -- A human factor approach to developing civil society -- Transforming humanity : human factor principles of social engineering and community building -- The future of humanity. aElectronic reproduction.bPalo Alto, Calif. :cebrary,d2013.nAvailable via World Wide Web.nAccess may be limited to ebrary affiliated libraries. 0aCivil society. 0aSocial engineering. 7aElectronic books.2local2 aebrary, Inc.40uhttp://site.ebrary.com/lib/rucke/Doc?id=10211085zAn electronic book accessible through the World Wide Web; click to view c227470d227470